Flora of Uttar Pradesh/ (Record no. 139593)

MARC details
000 -LEADER
fixed length control field 00534nam a22001697a 4500
005 - DATE AND TIME OF LATEST TRANSACTION
control field 20170508145548.0
010 ## - LCCN (DPL NO)
LC control number ENG-118067
020 ## - INTERNATIONAL STANDARD BOOK NUMBER
International Standard Book Number 8181770781
Terms of availability 996.00
035 ## - SYSTEM CONTROL NUMBER
System control number EN-101599
037 ## - SOURCE OF ACQUISITION
Source of stock number/acquisition DBAD/PUB
082 ## - DEWEY DECIMAL CLASSIFICATION NUMBER
Classification number 581.95413
245 ## - TITLE STATEMENT
Title Flora of Uttar Pradesh/
Statement of responsibility, etc edited by K.P. Singh, K.K. Khanna [and] G.P. Sinha
260 ## - PUBLICATION, DISTRIBUTION, ETC. (IMPRINT)
Place of publication, distribution, etc Kolkata
Name of publisher, distributor, etc Botanical Survey of India
Date of publication, distribution, etc 2016
300 ## - PHYSICAL DESCRIPTION
Extent xi, 674p.
Other physical details ill, col. photos
Dimensions 23cm.(Hb)
505 ## - FORMATTED CONTENTS NOTE
Formatted contents note v.1--Ranunculaceae-apiaceae
942 ## - ADDED ENTRY ELEMENTS (KOHA)
Source of classification or shelving scheme Dewey Decimal Classification
Item type English Books
Classification part 581.95413
Call number suffix FLO
Holdings
Withdrawn status Lost status Not for loan Collection code Home library Current library Date acquired Source of acquisition Cost, normal purchase price Full call number Barcode Copy number Cost, replacement price Koha item type
    Not For Loan Non-fiction D.B.Act.Division D.B.Act.Division 08/05/2017 DBAD/PUB 996.00 581.95413 FLO EN-101599 1 996.00 English Books

© Delhi Public Library
Hit Counter
free hit counter